ბათუმის შოთა რუსთაველის სახელმწიფო უნივერსიტეტის ბიბლიოთეკა

ჩვენი ზღვისპირეთის მესიტყვენი (ბიბ.ჩანაწერი № 43554)

000 -LEADER
fixed length control field 00965nam a2200229Ia 4500
001 - CONTROL NUMBER
control field 10286
003 - CONTROL NUMBER IDENTIFIER
control field GE_BSU
008 - FIXED-LENGTH DATA ELEMENTS--GENERAL INFORMATION
fixed length control field 181216s||||||||xx |||||||||||||| ||und||
040 ## - CATALOGING SOURCE
Transcribing agency GE_BSU
080 ## - UNIVERSAL DECIMAL CLASSIFICATION NUMBER
Universal Decimal Classification number 821.353.1.09
100 ## - MAIN ENTRY--PERSONAL NAME
Personal name რურუა,ილია
245 ## - TITLE STATEMENT
Title ჩვენი ზღვისპირეთის მესიტყვენი
245 ## - TITLE STATEMENT
Remainder of title ქართული ლიტერატურის ისტორია და კრიტიკა
245 ## - TITLE STATEMENT
Statement of responsibility, etc. რედ.ზ.ფირცხალაიშვილი.მხატვ.რ.ლომაძე
260 ## - PUBLICATION, DISTRIBUTION, ETC.
Place of publication, distribution, etc. ბათუმი
260 ## - PUBLICATION, DISTRIBUTION, ETC.
Name of publisher, distributor, etc. საბჭოთა აჭარა
260 ## - PUBLICATION, DISTRIBUTION, ETC.
Date of publication, distribution, etc. 1985
300 ## - PHYSICAL DESCRIPTION
Extent 155გვ.16სმ.
653 ## - INDEX TERM--UNCONTROLLED
Uncontrolled term ქართული ლიტერატურის ისტორია და კრიტიკა
653 ## - INDEX TERM--UNCONTROLLED
Uncontrolled term ჩვენი ზღვისპირეთის მესიტყვენი
942 ## - ADDED ENTRY ELEMENTS (KOHA)
Koha item type წიგნი
ეგზემპლარები
Withdrawn status Lost status Damaged status Not for loan Date acquired Barcode Date last seen Price effective from Koha item type
        2018-12-17 33524 2018-12-17 2018-12-17 წიგნი